Southville International School and Colleges
Your cart is empty.
  • Cart
  • Lists
    Public lists Eva Luna New books Lux_list list_1
    Your lists Log in to create your own lists
  • Log in to your account
  • Your cookies
  • Search history
Southville International School and Colleges
  • Advanced search
  • Recent comments
  • Most popular
  • Libraries

Log in to your account

Log in with GOOGLE


If you do not have an external account, but do have a local account, you can still log in:

  1. Home
  2. MARC view: Physical geology /
Normal view MARC view ISBD view

Physical geology / (Record no. 22698)

[ view plain ]
MARC details
000 -LEADER
fixed length control field 00586nam a2200205 a 4500
005 - DATE AND TIME OF LATEST TRANSACTION
control field 20140310183429.0
008 - FIXED-LENGTH DATA ELEMENTS--GENERAL INFORMATION
fixed length control field 071206s19uu xx uuu eng d
020 ## - INTERNATIONAL STANDARD BOOK NUMBER
International Standard Book Number 9780071107259
050 ## - LIBRARY OF CONGRESS CALL NUMBER
Classification number QE 28.2
Item number .P58 2007
100 ## - MAIN ENTRY--PERSONAL NAME
Personal name Plummer, Charles C.
245 ## - TITLE STATEMENT
Title Physical geology /
Statement of responsibility, etc Charles C. Plummer.
250 ## - EDITION STATEMENT
Edition statement 11th ed.
260 ## - PUBLICATION, DISTRIBUTION, ETC. (IMPRINT)
Place of publication, distribution, etc U.S.A :
Name of publisher, distributor, etc McGraw-Hill Companies, Inc,
Date of publication, distribution, etc 2007.
300 ## - PHYSICAL DESCRIPTION
Extent 617 p. :
Other physical details col. ill. ;
Dimensions 27 cm.
650 ## - SUBJECT ADDED ENTRY--TOPICAL TERM
Topical term or geographic name as entry element Physical geology.
General subdivision Textbook.
700 ## - ADDED ENTRY--PERSONAL NAME
Personal name Carlson, Diane H.
700 ## - ADDED ENTRY--PERSONAL NAME
Personal name McGeary David
942 ## - ADDED ENTRY ELEMENTS (KOHA)
Koha item type Books
Source of classification or shelving scheme Library of Congress Classification
Call number prefix Foreign
Holdings
Withdrawn status Lost status Source of classification or shelving scheme Damaged status Home library Current library Shelving location Date acquired Total Checkouts Full call number Barcode Date last seen Date checked out Copy number Price effective from Koha item type
    Library of Congress Classification   College Library College Library General Circulation Section 12/06/2007 4 QE 28.2 .P58 2007 C8911 05/15/2018 02/07/2018 1 03/10/2014 Books

Physical geology /

APA

Plummer C. C., Carlson D. H. & McGeary David. (2007). Physical geology. U.S.A: McGraw-Hill Companies, Inc.

Chicago

Plummer Charles C, Carlson Diane H and McGeary David. 2007. Physical geology. U.S.A: McGraw-Hill Companies, Inc.

Harvard

Plummer C. C., Carlson D. H. and McGeary David. (2007). Physical geology. U.S.A: McGraw-Hill Companies, Inc.

MLA

Plummer Charles C, Carlson Diane H and McGeary David. Physical geology. U.S.A: McGraw-Hill Companies, Inc. 2007.

  • Place hold
  • Print
  • Cite
  • Add to your cart (remove)
  • Save record
    BIBTEX Dublin Core MARCXML MARC (non-Unicode/MARC-8) MARC (Unicode/UTF-8) MARC (Unicode/UTF-8, Standard) MODS (XML) RIS
  • More searches
    Search for this title in:
    Other Libraries (WorldCat) Other Databases (Google Scholar) Online Stores (Bookfinder.com) Open Library (openlibrary.org)

Exporting to Dublin Core...

SOUTHVILLE LIBRARY

Southville International School and Colleges Library

1281 Tropical Ave. Cor. Luxembourg St., BF Homes International, Las Pinas City

Tel. No. 8256374 / 252358 Loc. 117/146

Powered by Koha